| 000 | 00739nam a22002657a 4500 | ||
|---|---|---|---|
| 003 | CHAP | ||
| 005 | 20220329134115.0 | ||
| 008 | 971013s1961 r 00010 d | ||
| 010 | _a15474 | ||
| 011 | _a16446 | ||
| 035 | _a20525 | ||
| 040 | _cCHAP | ||
| 090 | _aFolleto 212 | ||
| 100 | 0 | 0 |
_aBernhard, R. _911944 |
| 245 | _aLes porte-greffes de l'abricotier | ||
| 260 |
_a(Perpignan : _bJournées Nationales de l'Abricotier), _c1961 |
||
| 300 |
_a16 p. _b: ilus. |
||
| 590 |
_aBATCH-UPD _b10 _c20130110 _lUCH01 _h2146 |
||
| 590 |
_aCONVERSION _b10 _c20130109 _lUCH01 _h1310 |
||
| 650 | 1 | 4 |
_aChabacano. _921669 |
| 700 | 0 |
_aDuquesne, J. _934533 |
|
| 901 | _aBK | ||
| 942 | _cFOLL | ||
| 949 |
_aFolleto 212 _bBC _cFOLL _d-47857 _eTS1 _i20525 _si |
||
| 999 |
_c15474 _d15474 |
||